Local direct democracy in Europe

Podrobná bibliografia
Ďalší autori: Schiller, Theo, 1942- (Editor)
Médium: Kniha
Jazyk:angličtina
Fyzický popis:292 strán grafy, mapy, tabuľky 24 cm
Vydavateľské údaje: Wiesbaden VS Verlag für Sozialwissenschaften 2011
ISBN:9783531182506
Vydanie:1st Edition
Edícia:Direct democracy in modern Europe
Predmet:

MARC

LEADER 00000cam a2200000 4500
001 vtls012132039
003 SK-MaSNL
005 20260302094847.0
008 220425s2011 gw ab f n 000 0 eng
015 |a SNBZSA2023/08 
020 |a 9783531182506  |q (brožované) 
040 |a SNK  |b slo  |c SNK  |e rda 
041 0 |a eng 
043 |a e------ 
044 |a gw  |c DE 
072 7 |a 342  |x Ústavné právo. Správne právo  |2 konspekt 
080 |a 342.573  |2 2011 
080 |a 328/329  |2 2011 
080 |a 005.91  |2 2011 
080 |a 323.21  |2 2011 
080 |a (4)  |2 2011 
080 |a (048.8)  |2 2011 
080 |a (082)  |2 2011 
245 0 0 |a Local direct democracy in Europe  |c Theo Schiller (ed.) 
250 |a 1st Edition 
264 1 |a Wiesbaden  |b VS Verlag für Sozialwissenschaften  |c 2011 
300 |a 292 strán  |b grafy, mapy, tabuľky  |c 24 cm 
336 |a text  |b txt  |2 rdacontent 
337 |a bez média  |b n  |2 rdamedia 
338 |a zväzok  |b nc  |2 rdacarrier 
490 1 |a  Direct democracy in modern Europe 
500 |a Obsahuje zoznam a profesijné pôsobenie autorov 
504 |a Obsahuje bibliografiu za jednotlivými kapitolami 
650 0 7 |a priama demokracia  |2 SNKPH  |9 4498 
650 0 7 |a Direct democracy  |2 SNKPHeng  |9 253201 
650 0 7 |a politika a vláda  |2 SNKPH  |9 3868 
650 0 7 |a Politics and government  |2 SNKPHeng  |9 280895 
650 0 7 |a administratíva  |2 SNKPH  |9 642 
650 0 7 |a Office management  |2 SNKPHeng  |9 107503 
650 0 7 |a referendum  |2 SNKPH  |9 4497 
650 0 7 |a referendum  |2 SNKPHeng  |9 4497 
650 0 7 |a politická angažovanosť  |2 SNKPH  |9 4741 
650 0 7 |a Political involvement  |2 SNKPHeng  |9 305782 
651 7 |a Európa  |2 SNKPHgeo  |9 167569 
651 7 |a Europe  |2 SNKPHeng  |9 56249 
655 7 |a štúdie  |2 SNKPH  |9 57033 
655 7 |a zborníky  |2 SNKPH  |9 70165 
655 7 |a Studies  |2 SNKPHeng  |9 265573 
655 7 |a Papers of several authors  |2 SNKPHeng  |9 153738 
700 1 |a Schiller, Theo,  |d 1942-  |4 edt  |9 217880 
830 0 |a Direct democracy in modern Europe  |9 674049 
852 |a Slovenská národná knižnica 
919 |a 978-3-531-18250-6 
954 |a odborná, vedecká literatúra cudzojazyčná (svetová)  |2 lita 
954 |a odborná, vedecká literatúra pôvodná (slovenská)  |2 lita 
958 |a ZS 
958 |a NB 
999 |c 1214799  |d 1216729 
952 |a SNK  |b SNK  |y PREZ  |7 0  |p 17A1492388  |o snkSC 198634  |i snk2022/11814  |8 4  |g 69.14  |0 0  |1 0  |4 0  |d 2022-04-25  |l 0  |r 2025-10-21 00:00:00  |w 2026-02-24